The man Roland Izebe Amaize, birth, early life, Education, family and working lives / (Record no. 33968)

MARC details
000 -LEADER
fixed length control field 00809nam a22002297a 4500
008 - FIXED-LENGTH DATA ELEMENTS--GENERAL INFORMATION
fixed length control field 251202b |||||||| |||| 00| 0 eng d
017 ## - LEGAL DEPOSIT NUMBER
Legal deposit number LD.2859
018 ## - LEGAL DEPOSIT YEAR
LDD Year 2025
020 ## - INTERNATIONAL STANDARD BOOK NUMBER
ISBN 9789788557227
040 ## - CATALOGING SOURCE
Original cataloging agency NLN
Language of cataloging English
Description conventions AACR2
100 ## - MAIN ENTRY--AUTHOR
Author AMAIZE, Roland I.
Relator term aut
245 ## - TITLE STATEMENT
Title The man Roland Izebe Amaize, birth, early life, Education, family and working lives /
Statement of responsibility, etc Roland Izebe Amaize
260 ## - PUBLICATION, DISTRIBUTION, ETC. (IMPRINT)
Place of publication Benin City, Edo State (P. O. Box 5089, No. 22, Benin Technical College Road Ugbowo) :
Name of publisher Mindex Publishing Company,
Date of publication 2022
300 ## - COLLATION
Pagination xvii, 385p. :
Other physical details col. ports. ; 22cm.
563 ## - BINDING INFORMATION
Binding note (pbk.)
650 ## - TRACINGS
Main Subject Amaize, Roland Izebe, 1948-
650 ## - TRACINGS
Main Subject Judges
Subdivision (1st) Nigeria
Subdivision (2nd) Biography
942 ## - ADDED ENTRY ELEMENTS (KOHA)
Item type Books
Suppress in OPAC No
050 ## - LIBRARY OF CONGRESS CALL NUMBER
Classification number DT515.83.A481
Item number A3
082 ## - DEWEY DECIMAL CLASSIFICATION NUMBER
Classification number 923.4669
Holdings
Source of classification or shelving scheme Not for loan Home library Current library Date acquired Mode of acquisition Accession No. Full call number Barcode. Copy number Koha item type
Library of Congress Classification   ABUJA LIBRARY BRANCH National Library of Nigeria 02/12/2025 Legal deposit 460762 DT515.83.A481 A3 460762 1 Books

National Library of Nigeria OPAC is powered by Koha